| 000 | 00675nam a2200289Ia 4500 | ||
|---|---|---|---|
| 005 | 20260324130623.0 | ||
| 008 | 008 260324s9999 xx 000 0 eng d | ||
| 020 | _a9780203464014 | ||
| 037 | _aEBOOK | ||
| 040 | _aCRL | ||
| 040 | _beng | ||
| 040 | _cCRL | ||
| 041 | _2eng | ||
| 041 | _aeng | ||
| 084 | _qCRL | ||
| 100 |
_aJeff Battersby; John Gordon _91182462 |
||
| 245 | 0 | _aPreparing to Teach | |
| 245 | 0 | _bLearning from Experience | |
| 260 | _bTaylor and Francis | ||
| 260 | _c2007 | ||
| 365 | _a | ||
| 365 | _b150 | ||
| 856 | _uhttp://www.taylorfrancis.com/books/9780203464014 | ||
| 942 | _cEBOOK | ||
| 999 |
_c1778790 _d1778790 |
||